00731nam a2200241 a 4500001001300000003000900013005001700022008004100039020001200080082001500092100002400107245004800131260004700179300000900226500003500235505001000270650003700280700002400317902000800341942000700349952011600356999001700472nice12345678IN_TiNIC20260116013840.0050524s1992 chia grp 000 0 eng  ac808.500a231.3bNUT aNuttall, Geoffrey F aHoly Spirit in Puritan Faith and Experience aChicagobUniversity of Chicago Pressc1992 a192p aincludes index and biblioraphy2 aIndex aHoly Spirit-History of Doctrines1 aNuttall, Geoffrey F bSRS cBK 001040708StackRoom-aHMIbHMId2007-06-15g808.50l0o231.3 NUTp018407r2007-06-15v808.50w2005-05-24yBK c12804d12804